World Cup 2014 Goals - Statistics

General Stats
  • This quiz has been taken 8 times
  • The average score is 58 of 116
Answer Stats
Country Goals Backnumber Answer % Correct
Chile 2 #7 Alexis Sánchez
100%
Argentina 1 #7 Ángel Di María
100%
Netherlands 3 #11 Arjen Robben
100%
Colombia 6 #10 James Rodríguez
100%
France 3 #10 Karim Benzema
100%
Belgium 1 #7 Kevin De Bruyne
100%
Argentina 4 #10 Lionel Messi
100%
Germany 2 #19 Mario Götze
100%
Germany 2 #11 Miroslav Klose
100%
Brazil 4 #10 Neymar, Jr.
100%
Netherlands 4 #9 Robin van Persie
100%
Belgium 1 #9 Romelu Lukaku
100%
Germany 5 #13 Thomas Müller
100%
Germany 2 #18 Toni Kroos
100%
Portugal 1 #7 Cristiano Ronaldo
83%
Brazil 2 #4 David Luíz
83%
Ecuador 3 #13 Enner Valencia
83%
Spain 1 #9 Fernando Torres
83%
Brazil 1 #9 Fred
83%
Argentina 1 #9 Gonzalo Higuaín
83%
Korea 1 #7 Heung-min Son
83%
Croatia 2 #4 Ivan Perišić
83%
Belgium 1 #5 Jan Vertonghen
83%
Mexico 1 #14 Javier Hernández
83%
Uruguay 2 #9 Luis Suárez
83%
Croatia 2 #17 Mario Mandžukić
83%
Germany 2 #5 Mats Hummels
83%
France 1 #9 Olivier Giroud
83%
Brazil 2 #11 Oscar
83%
Australia 2 #4 Tim Cahill
83%
England 1 #10 Wayne Rooney
83%
Ghana 2 #3 Asamoah Gyan
67%
Costa Rica 2 #10 Bryan Ruiz
67%
United States 2 #8 Clint Dempsey
67%
England 1 #9 Daniel Sturridge
67%
Belgium 1 #14 Dries Mertens
67%
Bosnia 1 #11 Edin Džeko
67%
Algeria 2 #13 Islam Slimani
67%
Italy 1 #9 Mario Balotelli
67%
Belgium 1 #8 Marouane Fellaini
67%
Australia 1 #15 Mile Jedinak
67%
Bosnia 1 #8 Miralem Pjanić
67%
Germany 1 #6 Sami Khedira
67%
Brazil 1 #3 Thiago Silva
67%
Netherlands 1 #10 Wesley Sneijder
67%
Nigeria 2 #7 Ahmed Musa
50%
Germany 3 #9 André Schürrle
50%
Italy 1 #8 Claudio Marchisio
50%
Netherlands 1 #5 Daley Blind
50%
Spain 1 #7 David Villa
50%
Uruguay 1 #21 Edinson Cavani
50%
Chile 1 #11 Eduardo Vargas
50%
Côte d'Ivoire 2 #10 Gervinho
50%
Switzerland 1 #10 Granit Xhaka
50%
Colombia 2 #21 Jackson Martínez
50%
Costa Rica 1 #9 Joel Campbell
50%
Colombia 1 #11 Juan Cuadrado
50%
Japan 1 #4 Keisuke Honda
50%
Argentina 1 #16 Marcos Rojo
50%
France 1 #8 Mathieu Valbuena
50%
Netherlands 2 #21 Memphis Depay
50%
France 1 #19 Paul Pogba
50%
Mexico 1 #4 Rafa Márquez
50%
Japan 1 #9 Shinji Okazaki
50%
Algeria 1 #10 Sofiane Feghouli
50%
Spain 1 #14 Xabi Alonso
50%
Switzerland 3 #23 Xherdan Shaqiri
50%
France 1 #14 Blaise Matuidi
33%
Switzerland 1 #15 Blerim Džemaili
33%
Chile 1 #20 Charles Aránguiz
33%
Uruguay 1 #3 Diego Godín
33%
Brazil 1 #5 Fernandinho
33%
Mexico 1 #10 Giovani dos Santos
33%
Switzerland 1 #9 Haris Seferović
33%
United States 1 #13 Jermaine Jones
33%
Cameroon 1 #21 Joël Matip
33%
Chile 1 #10 Jorge Valdivia
33%
United States 1 #16 Julian Green
33%
Netherlands 1 #18 Leroy Fer
33%
France 1 #18 Moussa Sissoko
33%
Portugal 1 #17 Nani
33%
Greece 1 #19 Sokratis
33%
Netherlands 1 #3 Stefan de Vrij
33%
Bosnia 1 #9 Vedad Ibišević
33%
Algeria 1 #11 Yacine Brahimi
33%
Russia 1 #9 Aleksandr Kokorin
17%
Greece 1 #22 Andreas Samaris
17%
Ghana 2 #10 André Ayew
17%
Mexico 1 #18 Andrés Guardado
17%
Belgium 1 #17 Divock Origi
17%
Netherlands 1 #20 Georginio Wijnaldum
17%
Greece 1 #7 Georgios Samaras
17%
Croatia 1 #18 Ivica Olić
17%
Chile 1 #15 Jean Beausejour
17%
United States 1 #6 John Brooks
17%
Colombia 1 #20 Juan Fernando Quintero
17%
Spain 1 #13 Juan Mata
17%
Korea 1 #11 Keun-ho Lee
17%
Netherlands 1 #19 Klaas-Jan Huntelaar
17%
Germany 1 #8 Mesut Özil
17%
Mexico 1 #19 Oribe Peralta
17%
Costa Rica 1 #6 Óscar Duarte
17%
Colombia 1 #7 Pablo Armero
17%
Nigeria 1 #8 Peter Odemwingie
17%
Iran 1 #16 Reza Ghoochannejhad
17%
Portugal 1 #18 Silvestre Varela
17%
Côte d'Ivoire 2 #12 Wilfried Bony
17%
Algeria 2 #18 Abdelmoumene Djabou
0%
Switzerland 1 #18 Admir Mehmedi
0%
Russia 1 #11 Aleksandr Kerzhakov
0%
Bosnia 1 #2 Avdija Vršajević
0%
Honduras 1 #13 Carlo Costly
0%
Korea 1 #13 Ja-cheol Koo
0%
Costa Rica 1 #21 Marcos Ureña
0%
Algeria 1 #5 Rafik Halliche
0%
Colombia 1 #9 Teófilo Gutiérrez
0%
No matching quizzes found
Score Distribution
Percent of People with Each Score
Percentile by Number Answered
Your Score History
You have not taken this quiz